| 000 | 00343nam a22001457a 4500 | ||
|---|---|---|---|
| 003 | SGT | ||
| 082 |
_a616.0757 _bC14W |
||
| 100 | _aWATSON, NICK | ||
| 245 | _aCHAPMAN & NAKIELNY'S GUIDE TO RADIOLOGICAL PROCEDURES | ||
| 250 | _a6TH | ||
| 260 |
_aEDINBURGH _bSAUNDERS _c2014 |
||
| 300 | _a414 | ||
| 650 | _aRADIOLOGY | ||
| 942 |
_2ddc _cBK _028 |
||
| 999 |
_c10518 _d10518 |
||